=LDR 00000nam 2200000 4500 =001 INLIS000000000017008 =005 20130612112219 =008 ***********************************Ind** =035 ##$$0010-061300000017008 =041 ##$$a Ind =082 ##$$a 745.04 =090 ##$$a 745.04, Ham k =100 ##$$a Hamidah, Ananda =245 ##$$a Kotak katik kotek, Ananda Hamidah =260 ##$$a 2003 $b Bandung =300 ##$$a iv, 28 hlm, ilus, 28 cm =650 ##$$a Kerajinan tangan-hiasan =850 ##$$a NBPNMAT